| 000 | 00408nam a22001457a 4500 | ||
|---|---|---|---|
| 020 | _a9788131501795 | ||
| 082 | _a621.3822 AMB | ||
| 100 | _aAmbardar, Ashok | ||
| 245 | _aDigital signal processing: A modern introduction | ||
| 260 |
_aNew Delhi, India _bCengage Learning _c2007 |
||
| 300 |
_axvi, 591 p. _bill. ; |
||
| 500 | _aIncludes index. | ||
| 650 | _aSignal processing--Digital techniques. | ||
| 942 | _cBK | ||
| 999 |
_c12420 _d12420 |
||